000 00485nam a2200181Ia 4500
005 20250326124808.0
008 250326s9999 xx 000 0 und d
037 _aTextbook
040 _aFMSL
_beng
_cFMSL
041 _aeng
_2eng
084 _aX:89ZB K91
_qFMSL
100 _aBienvenu B J
_9737994
245 0 _aNew priorities in training
_cBienvenu B J
260 _aUSA
_bUSA, AMA
_c1969
300 _a207p
942 _cTB
_hX:89ZB K91
999 _c1275248
_d1275248